Causes and consequences of inflation /
Saved in:
| Main Author: | |
|---|---|
| Format: | Thesis |
| Language: | English |
| Published: |
Gombak, Selangor :
Kulliyyah of Economics and Management Sciences, International Islamic University Malaysia,
2004
|
| Subjects: | |
| Online Access: | http://studentrepo.iium.edu.my/handle/123456789/3021 |
| Tags: |
Add Tag
No Tags, Be the first to tag this record!
|
| LEADER | 018600000a22003850004500 | ||
|---|---|---|---|
| 001 | 375387 | ||
| 005 | 20230420124250.0 | ||
| 008 | 070822s2004 my a g 000 0 eng d | ||
| 035 | |a (Sirsi) 375387 | ||
| 040 | |a UIAM |b eng | ||
| 043 | |a a-my-- | ||
| 050 | 0 | 0 | |a HG229 |
| 100 | 1 | |a Komourzoev, Batyr |9 119735 | |
| 245 | 1 | 0 | |a Causes and consequences of inflation / |c by Batyr Komourzoev |
| 260 | |a Gombak, Selangor : |b Kulliyyah of Economics and Management Sciences, International Islamic University Malaysia, |c 2004 | ||
| 300 | |a xi, 57 leaves : |b ill. ; |c 30 cm. | ||
| 336 | |2 rdacontent | ||
| 337 | |2 rdamedia | ||
| 338 | |2 rdacarrier | ||
| 500 | |a Abstracts in English and Arabic. | ||
| 500 | |a "A research paper submitted in partial fulfilment of the requirement for the degree of Masters of Sciences in Finance"--On t.p. | ||
| 502 | |a Thesis (MSc. Finance) --International Islamic University Malaysia, 2004. | ||
| 504 | |a Includes bibliographical references (leaves 54 - 55). | ||
| 530 | |a Also available on 4 3/4 in. computer optical disc. | ||
| 650 | 0 | |a Inflation (Finance) |9 37118 | |
| 655 | 0 | 7 | |a Theses, IIUM local |
| 690 | 0 | |a Dissertations, Academic |x Kulliyyah of Economics and Management Sciences |z IIUM |9 5051 | |
| 710 | 2 | |a International Islamic University Malaysia. |b Kulliyyah of Economics and Management Sciences |9 5054 | |
| 730 | 0 | |a Causes and consequences of inflation (electronic resource) |9 119736 | |
| 856 | 4 | |u http://studentrepo.iium.edu.my/handle/123456789/3021 | |
| 900 | |a hj-nmh-hch | ||
| 942 | |2 lcc |n 0 | ||
| 999 | |c 434653 |d 465905 | ||
| 952 | |0 0 |6 T HG 000229 K81C 2004 |7 0 |8 THESES |9 751980 |a IIUM |b IIUM |c MULTIMEDIA |g 0.00 |o t HG229K81C 2004 |p 00001090196 |r 2017-10-19 |t 1 |v 0.00 |y THESIS | ||
| 952 | |0 0 |6 TS CDF HG229K81C 2004 |7 0 |8 THESES |9 826872 |a IIUM |b IIUM |c MULTIMEDIA |g 0.00 |o ts cdf HG229K81C 2004 |p 00010983555 |r 2017-10-26 |t 1 |v 0.00 |y THESISDIG | ||
